000 00352nam a2200157Ia 4500
003 0STCL
008 150530s9999 xx 000 0 und d
040 _aSTCL
_cSTCL
100 _aEdwards, W.
245 _aEarly history of the north ridings
260 _c1920
546 _aEnglish
942 _2ddc
_cBK
999 _c70478
_d70478
005 20220125171435.0